Observações sobre a franqueza da indústria, e estabelecimento de fábricas no Brasil / (Record no. 1344)
[ view plain ]
| 000 -LÍDER | |
|---|---|
| Campo Fixo de Controle | 00930nam a2200253 a 4500 |
| 001 - NÚMERO DE CONTROLE | |
| Campo de Controle | 1344 |
| 003 - IDENTIFICAÇÃO DO NÚMERO DE CONTROLE | |
| Campo de Controle | BR-CuiBMT |
| 005 - DATA E HORA DA ÚLTIMA ATUALIZAÇÃO | |
| Campo de Controle | 20231205164454.0 |
| 008 - DADOS FIXOS | |
| Dados Fixos | 231201s1999 dfba 001 0 por d |
| 040 ## - AGÊNCIA CATALOGADORA | |
| Código da Agência Catalogadora | BR-CuiBMT |
| Agência que transcreveu o registro | BR-CuiBMT |
| 080 ## - Nº DA CLASSIFICAÇÃO DECIMAL UNIVERSAL | |
| Nº Class. CDU | 94 |
| Subd. Auxiliar Comum | (81).013/.043 |
| Nº edição CDU | 2007 |
| 090 ## - NÚMERO DE CHAMADA | |
| Nº classificação | 94(81).013/.043 |
| Cutter | C136o |
| 100 1# - ENTRADA PRINCIPAL -- AUTOR PESSOAL | |
| Nome pessoal | Cairu, José da Silva Lisboa, |
| Títulos e outras palavras associadas ao nome | Visconde de, |
| Datas associadas ao nome | 1756-1835 |
| 245 10 - TÍTULO PRINCIPAL | |
| Título principal | Observações sobre a franqueza da indústria, e estabelecimento de fábricas no Brasil / |
| Indicação de responsabilidade | José da Silva Lisboa (Visconde de Cairu). |
| 260 ## - PUBLICAÇÃO, DISTRIBUIÇÃO, ETC. | |
| Local de publicação | Brasília : |
| Editora | Senado Federal : |
| Data | 1999. |
| 300 ## - DESCRIÇÃO FÍSICA | |
| N. páginas ou volumes | 156 p. : |
| Ilustrações | il. ; |
| Dimensões | 23 cm |
| 490 1# - INDICAÇÃO DE SÉRIE | |
| Título da série | Coleção biblioteca básica brasileira |
| 504 ## - NOTA DE BIBLIOGRAFIA, ETC. | |
| Nota de bibliografia | Inclui bibliografia e índice. |
| 650 ## - ASSUNTO TÓPICO | |
| Cabeçalho tópico ou nome geográfico | Manufaturas |
| Subdivisão geográfica | Brasil |
| Subdivisão geral | Economia |
| 650 ## - ASSUNTO TÓPICO | |
| Cabeçalho tópico ou nome geográfico | Período colonial |
| Subdivisão cronológica | 1500-1822 |
| Subdivisão geográfica | Brasil |
| 650 ## - ASSUNTO TÓPICO | |
| Cabeçalho tópico ou nome geográfico | Brasil |
| Subdivisão cronológica | 1763-1822 |
| Subdivisão geral | Política e governo |
| 830 #0 - ENTRADA SECUNDÁRIA DE SÉRIE -- TÍTULO UNIFORME | |
| Título uniforme | Biblioteca básica brasileira |
| 942 ## - ELEMENTOS DE ENTRADA ADICIONAIS (KOHA) | |
| Fonte de classificação ou esquema de arquivamento | Classificação Decimal Universal |
| Tipo de item do Koha | Livros |
| Estado: removido | Estado: perdido | Fonte de classificação ou esquema de arquivamento | Estado: danificado | Indisponível para empréstimo | Localização permanente | Localização atual | Data de aquisição | Total Checkouts | Número de Chamada completo | Código de barras | Date last seen | Número do exemplar | Preço efetivo a partir de | Tipo de item (Koha) |
|---|---|---|---|---|---|---|---|---|---|---|---|---|---|---|
| Classificação Decimal Universal | Biblioteca da Escola Superior de Contas do TCE/MT | Biblioteca da Escola Superior de Contas do TCE/MT | 05/12/2023 | 94(81).013/.043 C136o | BIBTCEMT23120211 | 05/12/2023 | Ex. 1 | 05/12/2023 | Livros |